000 00763nam a2200217Ia 4500
005 20220303143843.0
008 210716s2009 xx 000 0 und d
020 _a9780070670938
040 _cAIMIT LIBRARY
041 _aeng
082 _a659.104
_21
_bPULJ
100 _aPulizzi, Joe.
_922554
245 _aGet content get customers :
_bturn prospects into buyers with content marketing /
_cBy Joe Pulizzi and Newt Barrett.
250 _a1st ed.
260 _aNew Delhi :
_bTata McGraw Hill Publishing Company Ltd ,
_c2009.
300 _aXvii, 261p. ;
_c23 cm.
650 _aCoping with the content marketing revolution
_922555
650 _aLearning from smart marketers
_922556
700 _aBarrett, Newt.
_922557
942 _2ddc
_cBK
_e1st
_k659.104 PULJ
999 _c205308
_d205308